000 00589nam a2200193Ia 4500
005 20250508160956.0
008 008 250505s9999 xx 000 0 eng d
037 _aTextual
040 _aFEDL
_beng
_cFEDL
041 _aeng
_2eng
084 _a301.240 54, KOT
_qFEDL
100 _aKothari Rajni
245 0 _aDemocratic polity and social change in India: Crisis and opportunities
260 _aBombay, India
_bAllied Publishers Private Limited
_c1976
300 _avi,124p
650 _aSociology
942 _cTEXL
_h301.240 54, KOT
999 _c1367715
_d1367715